<?xml version="1.0" encoding="UTF-8"?>
<marc:record xmlns:marc="http://www.loc.gov/MARC21/slim">
   <marc:leader>00000nam a2200000 a 4500</marc:leader>
   <marc:datafield ind1="1" ind2=" " tag="100">
      <marc:subfield code="a">Maier-Leibnitz, Heinz</marc:subfield>
      <marc:subfield code="4">aut</marc:subfield>
      <marc:subfield code="e">Verfasser/-in</marc:subfield>
   </marc:datafield>
   <marc:datafield ind1=" " ind2=" " tag="653">
      <marc:subfield code="a">Tschernobyl</marc:subfield>
   </marc:datafield>
   <marc:datafield ind1="0" ind2="0" tag="245">
      <marc:subfield code="a">Lernschock Tschernobyl</marc:subfield>
   </marc:datafield>
   <marc:datafield ind1=" " ind2="1" tag="264">
      <marc:subfield code="b">Ed. Interfrom</marc:subfield>
      <marc:subfield code="c">1986</marc:subfield>
   </marc:datafield>
   <marc:datafield ind1="1" ind2=" " tag="490">
      <marc:subfield code="a">Texte Thesen</marc:subfield>
   </marc:datafield>
   <marc:datafield ind1="1" ind2=" " tag="520">
      <marc:subfield code="a">Ein Experimentalphysiker versucht in Kurzessays die vielfältigen Ereignisse um die Reaktorkatastrophe von Tschernobyl dem unvoreingenommenen Leser aufzuzeigen. Seine Quellen sind Zeitungsartikel des In- und Auslandes sowie Leserbriefe der ersten Monate nach Tschernobyl. Technische Ausführungen sind für Laien verständlich. Der Autor hat das Material thematisch aufgeschlüsselt und sich bemüht, unparteiisch vom Standpunkt des Naturwissenschaftlers aus zu kommentieren, so dass der Leser selbst sich ein Urteil bilden kann. Allerdings sieht Maier-Leibnitz die Kernenergie und ihre Bedeutung für den Menschen optimistisch, insofern ist eine gewisse Einseitigkeit nicht zu verkennen. (2)</marc:subfield>
   </marc:datafield>
   <marc:datafield ind1="3" ind2=" " tag="024">
      <marc:subfield code="a">3720151913</marc:subfield>
   </marc:datafield>
</marc:record>
